Länder, die Brasilien schlagen - Statistiken

Allgemein
  • Dieses Quiz wurde 264 mal gespielt
  • Das Durchschnittsergebnis liegt bei 9 aus 16
Antwortstatistiken
Rank Kategorie Länder % Korrekt
5 Meiste Bevölkerung China | Indien | Vereinigte Staaten | Indonesien
100%
7 Südlichster Punkt Chile | Argentinien | Australien | Neu Seeland | Süd Afrika | Uruguay
99%
4 Meiste Nachbarländer China | Russland | Frankreich
93%
2 Größte Waldfläche Russland
92%
2 Meiste Sterne auf der Flagge Vereinigte Staaten
88%
12 Höchste Mordrate Jamaika | Lesotho | Honduras | Belize | Venezuela | St. Vincent und die Grenadinen | Süd Afrika | St. Kitts und Nevis | Bahamas | Trinidad und Tobago | Mexiko
79%
2 Größte christliche Bevölkerung Vereinigte Staaten
66%
6 Hauptstadt, die am entferntesten zu einer anderren liegt Australien | Neu Seeland | Ost Timor | Palau | Island
64%
2 Größter Regenwald Indonesien
53%
4 Höchste Bananen Produktion Indien | China | Indonesien
36%
2 Meiste Kathedralen Italien
33%
4 Kakao Produktion Elfenbeinküste | Ghana | Indonesien
21%
2 Größter Teil der Fläche ist von Mangroven bedeckt Indonesien
21%
2 Anzahl Austragung der FIFA Fussball-Weltmeisterschaft der Männer(bis 2026) Mexiko
21%
2 Eisenerz Produktion Australien
15%
7 Zuletzt gegründete Hauptstadt Palau | Myanmar | Nigeria | Mikronesien | Belize | Botsuana
15%
Keine übereinstimmenden Quizze gefunden
Verteilung der Resultate
Anzahl Personen mit jedem Resultat
Perzentil nach korrekt beantworteten Fragen
Ihre Resultats-Entwicklung
Sie haben dieses Quiz noch nicht gespielt